|
|
|
|
| LEADER |
00851nam a2200217 a 4500 |
| 001 |
006001809 |
| 008 |
090507s1992 si a b 000 0 eng d |
| 020 |
|
|
|a 9971509342
|
| 040 |
|
|
|a Uk
|c Uk
|
| 082 |
0 |
4 |
|a 533.5072
|2 19
|
| 245 |
0 |
0 |
|a Flow and transport in porous media :
|b Summer school : Papers /
|c edited by Xiao Shutie
|
| 260 |
|
|
|a Singapore :
|b World Scientific,
|c c1992 .
|
| 300 |
|
|
|a vii, 363 p. :
|b ill. ;
|c 22 cm.
|
| 504 |
|
|
|a Includes bibliographical references
|
| 541 |
1 |
|
|e 00014608
|
| 650 |
|
0 |
|a Fluid dynamics
|
| 650 |
|
0 |
|a Porous materials
|
| 700 |
1 |
|
|a Shutie, Xiao
|
| 852 |
4 |
|
|a Ayesha Abed Library
|j Generalshelf
|
| 999 |
|
|
|c 477
|d 477
|
| 952 |
|
|
|0 0
|1 0
|2 ddc
|4 0
|6 533_507200000000000_FLO_1992
|7 0
|9 432
|a BRACUL
|b BRACUL
|c GEN
|d 2009-05-07
|g 0.00
|l 0
|o 533.5072 FLO
|p 3010014608
|r 2009-05-07
|t 1
|w 2009-05-07
|y BK
|x No price found in the accession register.
|